Những bài ca không quên 1975-2005 : Có phần giới thiệu tác giả và tác phẩm
Gồm 50 ca khúc được sáng tác từ năm 1975 đến nay viết về quê hương, đất nước, con người Việt Nam trong thời kì đổi mới
Na minha lista:
| Formato: | Livro |
|---|---|
| Idioma: | Undetermined |
| Publicado em: |
Thành phố Hồ Chí Minh
Trẻ
2005
|
| Assuntos: | |
| Tags: |
Adicionar Tag
Sem tags, seja o primeiro a adicionar uma tag!
|
| Thư viện lưu trữ: | Trung tâm Học liệu Trường Đại học Cần Thơ |
|---|
| LEADER | 00816nam a2200205Ia 4500 | ||
|---|---|---|---|
| 001 | CTU_101298 | ||
| 008 | 210402s9999 xx 000 0 und d | ||
| 020 | |c 29500 | ||
| 082 | |a 782.42 | ||
| 082 | |b Nh556/T.2 | ||
| 245 | 0 | |a Những bài ca không quên 1975-2005 : | |
| 245 | 0 | |b Có phần giới thiệu tác giả và tác phẩm | |
| 245 | 0 | |c Trương Quang Lục tuyển chọn | |
| 260 | |a Thành phố Hồ Chí Minh | ||
| 260 | |b Trẻ | ||
| 260 | |c 2005 | ||
| 520 | |a Gồm 50 ca khúc được sáng tác từ năm 1975 đến nay viết về quê hương, đất nước, con người Việt Nam trong thời kì đổi mới | ||
| 650 | |a Songs, vietnamese | ||
| 904 | |i Minh | ||
| 980 | |a Trung tâm Học liệu Trường Đại học Cần Thơ | ||